ბათუმის შოთა რუსთაველის სახელმწიფო უნივერსიტეტის ბიბლიოთეკა

თაფლობის საუკუნე (ბიბ.ჩანაწერი № 49138)

000 -LEADER
fixed length control field 00767nam a2200229Ia 4500
001 - CONTROL NUMBER
control field 16048
003 - CONTROL NUMBER IDENTIFIER
control field GE_BSU
008 - FIXED-LENGTH DATA ELEMENTS--GENERAL INFORMATION
fixed length control field 181216s||||||||xx |||||||||||||| ||und||
040 ## - CATALOGING SOURCE
Transcribing agency GE_BSU
080 ## - UNIVERSAL DECIMAL CLASSIFICATION NUMBER
Universal Decimal Classification number 821.353.1-1
100 ## - MAIN ENTRY--PERSONAL NAME
Personal name ჭანტურია, ტარიელ
245 ## - TITLE STATEMENT
Title თაფლობის საუკუნე
245 ## - TITLE STATEMENT
Remainder of title ლექსების ციკლი
245 ## - TITLE STATEMENT
Statement of responsibility, etc. რედ.ი.არაბული. მხ.ნ.მალაზონია
260 ## - PUBLICATION, DISTRIBUTION, ETC.
Place of publication, distribution, etc. თბილისი
260 ## - PUBLICATION, DISTRIBUTION, ETC.
Name of publisher, distributor, etc. საბჭ. საქართველო
260 ## - PUBLICATION, DISTRIBUTION, ETC.
Date of publication, distribution, etc. 1978
300 ## - PHYSICAL DESCRIPTION
Extent 291გვ. ; 20სმ.
653 ## - INDEX TERM--UNCONTROLLED
Uncontrolled term თაფლობის საუკუნე
653 ## - INDEX TERM--UNCONTROLLED
Uncontrolled term ლექსების ციკლი
942 ## - ADDED ENTRY ELEMENTS (KOHA)
Koha item type წიგნი
ეგზემპლარები
Withdrawn status Lost status Damaged status Not for loan Date acquired Barcode Date last seen Price effective from Koha item type
        2018-12-17 39797 2018-12-17 2018-12-17 წიგნი